| 000 | 02622nac a2200553 a 4500 | ||
|---|---|---|---|
| 001 | dia_4511 | ||
| 003 | CHAP | ||
| 005 | 20230313125237.0 | ||
| 007 | ta | ||
| 008 | 220117s2008 mx ado f e 001 0 spa d | ||
| 010 | _a175171 | ||
| 020 |
_a970-91972-6-6 _qtomo 2 |
||
| 020 |
_a978-607-00-0113-0 _qtomo 5 |
||
| 020 |
_a978-607-00-0114-7 _qtomo 7 |
||
| 020 |
_a970-91972-5-8 _qtomo 8 |
||
| 040 |
_cCHAP _amxchpua |
||
| 050 |
_aTS198.2 _b.E53 2008 |
||
| 082 | 0 | 0 |
_a688.8 _bE53 2008 _220 |
| 100 | 1 |
_aRodríguez Tarango, José Antonio _9153250 _eautor |
|
| 245 | 1 | 0 |
_aEnciclopedia IMPEE de ingeniería y diseño de envase y embalaje / _cJosé Antonio Rodríguez Tarango |
| 250 | _aPrimera edición | ||
| 260 |
_aMéxico : _bInstituto Mexicano de Profesionales en Envase y Embalaje, _c2008 |
||
| 300 |
_a8 volúmenes : _bilustraciones, diagramas, tablas, fotos |
||
| 500 | _aLa colección no cuenta con tomo 1 y 4 | ||
| 503 | _aLA BIBLIOTECA TIENE TOMO 2 TECNOLOGIA DEMATERIALES DE ENVASE TOMO 5 MANUAL PARA ELABORACION DE ESPECIFICACIONES TECNICAS DE ENVASE Y EMBALAJE TOMO 7 MANUAL DE PROCEDIMIENTOS DE PRUEBAS De Laboratorio Para Material De Envase Y Embalaje | ||
| 505 |
_gt. 2 _tTecnología de materiales de envase 1 : pulpa y papel, cajas plegadizas, cajas de cartón corrugado, envases de vidrio, envases metálicos, tapas y cierres, adhesivos |
||
| 505 |
_gt. 3 _tTecnología de materiales de envase 2 : envases de plástico |
||
| 505 |
_gt. 5 _tManual para elaboración de especificaciones técnicas para materiales de envase y embalaje |
||
| 505 |
_gt. 6 _tControl de calidad en los materiales de envase y embalaje |
||
| 505 |
_gt. 7 _tManual de procedimientos de pruebas de laboratorio para materiales de envase y embalaje : apoyadas en el IMPEE Porta LAB |
||
| 505 |
_gt. 8 _tIngeniería y diseño de embalajes |
||
| 650 | 1 | 3 |
_aEnvases _937170 _xDiseño |
| 650 | 1 | 3 |
_aEnvases _937170 _xControl de calidad |
| 650 | 1 | 3 |
_aEnvases _937170 _xEspecificaciones |
| 650 | 1 | 3 |
_aEnvases _937170 _xPruebas |
| 650 | 1 | 3 |
_aEmbalaje _9161303 _xDiseño |
| 650 | 1 | 3 |
_aMateriales para envasado _9153618 |
| 650 | 1 | 3 |
_aContainers _9160606 _xDesign |
| 650 | 1 | 3 |
_aContainers _9160606 _xQuality control |
| 650 | 1 | 3 |
_aContainers _9160606 _xSpecifications |
| 650 | 1 | 0 |
_aContainers _9160606 _xProof and certification |
| 650 | 1 | 3 |
_aBaling _9186369 _xDesign |
| 650 | 1 | 3 |
_aPackaging materials _9153619 |
| 700 | 1 |
_9186378 _aVilchis Villaseñor, Carlos Hugo _eautor |
|
| 901 | _a688.8 E53 2008 | ||
| 902 | _aM | ||
| 905 | _a000000 2008 mx 0000000000spa00 | ||
| 942 |
_cLIBRO _2ddc |
||
| 999 |
_c175171 _d175171 |
||